00383nam a2200169Ia 4500008004000000020001800040041000800058082001800066100001900084245002500103260003700128300001100165650001000176650000800186650001100194650000800205210210b2012 xxu||||| |||| 00| 0 eng d a9788120339743 aeng a343.0998 NEEM aNEELAMALAR (M) aMedia law and ethics aNDbPHI Learning Pvt. Ltd.c2012 axi,224 aMedia alaw aethics aand